00290nam a22001097a 4500020001800000041000800018082001300026100002400039245006300063260004600126300000800172 a9798892223119 aENG a201bAPP aAppuswamy Prashanth aBishop Timothy Ravinder: Ethical Leadership in the corrid  aChandigarhbWhite Falcon Publishingc2024 a133